Statistiken für Pokemon - Lückenrätsel (schwer)

Klicken Sie hier um das Quiz zu spielen!

Allgemein

  • Dieses Quiz wurde 315 mal gespielt
  • Das Durchschnittsergebnis liegt bei 19 aus 36

Antwortstatistiken

HintAntwort% Korrekt
WeiterentwicklungDragoran
90%
VorentwicklungDratini
90%
PokemonDragonir
89%
TypKäfer
88%
TypBoden
83%
Generation4
80%
Generation6
78%
VorentwicklungKnacklion
77%
PokemonPhione
73%
PokemonQuaxo
72%
PokemonKlingplim
67%
PokemonDuodino
66%
Generation3
61%
VorentwicklungBurmy
61%
VorentwicklungKapuno
59%
PokemonKryppuk
52%
PokemonTangela
52%
TypFee
51%
WeiterentwicklungTangoloss
49%
Generation5
48%
WeiterentwicklungThanathora
46%
VorentwicklungLiliep
42%
PokemonWielie
42%
PokemonDonphan
41%
VorentwicklungPhanpy
41%
WeiterentwicklungBandelby
39%
TypPflanze
36%
PokemonKatagami
33%
PokemonBoreos
29%
PokemonStrawickl
28%
WeiterentwicklungFolikon
27%
PokemonPam-Pam
22%
WeiterentwicklungPandagro
22%
TypKäfer
21%
VorentwicklungNincada
21%
PokemonNinjatom
20%

Verteilung der Resultate

Perzentil nach korrekt beantworteten Fragen

Anzahl Personen mit jedem Resultat

Ihre Resultats-Entwicklung

Sie haben dieses Quiz noch nicht gespielt